000 00221 a2200097 4500
001 47395
100 _aBusn V
245 _aModern arms and free mess
260 _aNew York
_bSimon and Schuster
_c
090 _c30426
_d30426
942 _aNUST-CAE
_cM
_c22699
999 _c282468
_d282468